Super Clean Super Foods (Record no. 483312)

MARC details
000 -LEADER
fixed length control field 00491nam a2200193Ia 4500
008 - FIXED-LENGTH DATA ELEMENTS--GENERAL INFORMATION
fixed length control field 210417s9999 xx 000 0 und d
020 ## - INTERNATIONAL STANDARD BOOK NUMBER
International Standard Book Number 9780241255971
-- 024125597X
082 ## - DEWEY DECIMAL CLASSIFICATION NUMBER
Classification number 641.302 HUN
Item number 22.641.302 HUN
245 #0 - TITLE STATEMENT
Title Super Clean Super Foods
Statement of responsibility, etc. Super Clean Super Foods
250 ## - EDITION STATEMENT
Remainder of edition statement 224p. ; 24cm . ; pbk.
260 ## - PUBLICATION, DISTRIBUTION, ETC.
Place of publication, distribution, etc. London
Name of publisher, distributor, etc. DK
Date of publication, distribution, etc. 2017
700 ## - ADDED ENTRY--PERSONAL NAME
Personal name "Hunte,Fiona "
Numeration Fiona Hunter and Caroline Bretherton
Holdings
Withdrawn status Lost status Source of classification or shelving scheme Damaged status Not for loan Home library Current library Shelving location Date acquired Total Checkouts Full call number Barcode Date last seen Price effective from Koha item type
    Dewey Decimal Classification     Anna Centenary Library Anna Centenary Library 6TH FLOOR, A WING 17.04.2021   641.302 HUN 602914 09.02.2026 17.04.2021 Books

Find us on the map